| 000 | 01044cab a22002055a 4500 | ||
|---|---|---|---|
| 001 | L142141 | ||
| 008 | 080124s2008 xxkbd f 000 0 eng d | ||
| 035 | _a(Sirsi) u142141 | ||
| 041 | 0 | _aeng | |
| 100 | 1 | _aCook, Lucian | |
| 245 | 0 | 0 | _aLondon's reach for commuters |
| 260 | _c2008 | ||
| 490 |
_aPlanning in London _v(64) January-March 2008, 43-44(2) |
||
| 520 | _aReviews research by Savills examining the relationship between house prices and distance from London. Identifies that commuter demand has led to an approximate fall in property prices by £1 000 for every additional minute of rail journey time to the capital beyond the M25. As a result, reducing journey times to London has the capacity to add value to residential property. Few daily commuters are willing to live more than 100 minutes away from London. | ||
| 590 | _aKA | ||
| 651 | 4 |
_aEngland _y886- |
|
| 690 | _aPROPERTY-RESIDENTIAL PROPERTY-RESIDENTIAL PROPERTY MARKET | ||
| 690 | _aPROPERTY-INFRASTRUCTURE-RAIL INFRASTRUCTURE-RAIL TRANSPORT FACILITIES | ||
| 942 | _n0 | ||
| 999 |
_c79731 _d79731 |
||